| 000 | 01133nam a22002895i 4500 | ||
|---|---|---|---|
| 001 | 176905 | ||
| 003 | ES-MaACL | ||
| 005 | 20250807061406.0 | ||
| 008 | 110217s1964 sp |||| | spa d | ||
| 080 | _a94(460.41)(093) | ||
| 100 | 1 |
_aFrutuoso, Gaspar. _9145259 |
|
| 245 | 1 | 4 |
_aLas Islas Canarias _b: (de "saudades da terra") / _cGaspar Frutuoso ; prólogo, traducción, glosario e índices por E. Serra, J. Régulo y S. Pestana. |
| 260 |
_aLa Laguna de Tenerife : _b[Instituto de Estudios Canarios], _c1964. |
||
| 300 |
_aXVII, 194 p. ; _c25 cm. |
||
| 490 | 1 |
_aFontes rerum Canarium : colección de textos y documentos para la historia de Canarias ; _v12 |
|
| 500 | _aÍndice. | ||
| 504 | _aBibliografía: p. XVII. | ||
| 546 | _aTexto en español y portugués. | ||
| 651 | 4 |
_aCanarias- _xHistoria- _vFuentes. _9145261 |
|
| 700 | 0 |
_aSerra Ràfols, Elías. _9105653 |
|
| 700 | 0 |
_aRégulo Pérez, Juan. _995942 |
|
| 700 | 1 |
_aPestana, S. _9145260 |
|
| 710 | 2 |
_aInstituto de Estudios Canarios. _94891 |
|
| 830 | 0 | 0 |
_aFontes rerum Canariarum _v12 _9190299 |
| 852 |
_aES-MaACL _jE-14345 |
||
| 999 |
_c176905 _d176905 |
||